000 00858nam a22002657a 4500
001 5629
003 FISKH
005 20250108094921.0
008 250108b cb ||||| |||| 00| 0 eng d
020 _a9781409308645
040 _aFISKH
_beng
_cFISKH
_dFISKH
050 _aPZ7.1
082 _a823.92
100 _aAstley, Neville
245 _aPeppa and the big train /
_c
260 _aLondon :
_bPenguin,
_c2011.
300 _a15 unnumbered page ;
_bcolor illustrations,
_c18 cm
505 _aI
520 _aPeppa Pig and her friends set off on a train adventure with their teacher Madame Gazelle, who gives them activity sheets to record different items they spot outside along the way.
521 8 _a450
_bLexile AD
521 8 _aI
_bRaz-Plus
650 _aBoard Book
_vTransportation
942 _2ddc
_cBK
_n0
999 _c5629
_d5629